Normal view
MARC view
- Llinas, James
Entry Personal Name
001 - CONTROL NUMBER
- control field: 110766
003 - CONTROL NUMBER IDENTIFIER
- control field: NUST
005 - DATE AND TIME OF LATEST TRANSACTION
- control field: 20230321105339.0
008 - FIXED-LENGTH DATA ELEMENTS
- fixed length control field: 230321|| aca||aabn | a|a d
040 ## - CATALOGING SOURCE
- Original cataloging agency: NUST
- Transcribing agency: NUST
100 ## - HEADING--PERSONAL NAME
- Personal name: Llinas, James
670 ## - SOURCE DATA FOUND
- Source citation: Work cat.: (NUST)0: Waltz, Edward 110765, Multisensor data fusion /, c1990.
